| 000 | 00843cam a2200181 4500 | ||
|---|---|---|---|
| 001 | J111814 | ||
| 008 | 000000n 000 0 eng u | ||
| 035 | _a(Sirsi) u111814 | ||
| 110 |
_aInternational Accounting Standards Committee Foundation _94618 |
||
| 245 | _aInternational Accounting Standards Committee publications | ||
| 260 |
_aLondon _bIASCF |
||
| 300 | _aMultiple parts | ||
| 520 | _aComprehensive subscription package including: the annual bound volume of International Financial Reporting Standards, new standards and exposure drafts (all of which are catalogued seperately); and the journals "IASB Insight", "IASB Update" and "IFRIC Update". | ||
| 650 | _aMANAGEMENT-BUSINESS MANAGEMENT-FINANCIAL MANAGEMENT-ACCOUNTING | ||
| 650 | _aINTERNATIONAL ACCOUNTING STANDARDS | ||
| 690 | _aMANAGEMENT-BUSINESS MANAGEMENT | ||
| 942 | _n0 | ||
| 999 |
_c101292 _d101292 |
||